[Event "Championnat de France des Jeunes - Juniors"]
[Site "AIX LES BAINS"]
[Date "2009.04.20"]
[Round "1.1"]
[White "Attarian, Florent"]
[Black "Lagarde, Maxime"]
[Result "0-1"]
[WhiteElo "1894"]
[BlackElo "2346"]
[Annotator ""]

1. d4 Nf6 2. Nf3 g6 3. Nc3 d5 4. Bf4 Bg7 5. e3 O-O 6. Ne5 c5 7. Be2 Nc6 8. Qd2
Nd7 9. Nxd5 cxd4 10. exd4 Ndxe5 11. dxe5 Be6 12. Rd1 Qb8 13. O-O Rd8 14. Bf3
Bxd5 0-1

[Event "Championnat de France des Jeunes - Junio"]
[Site "AIX LES BAINS"]
[Date "2009.04.19"]
[Round "1.2"]
[White "Guilleux, Fabien"]
[Black "Grimmer, Jonathan"]
[Result "1-0"]
[WhiteElo "2313"]
[BlackElo "1875"]
[PlyCount "79"]

1. d4 f5 2. g3 Nf6 3. Bg2 e6 4. Nf3 Be7 5. O-O O-O 6. c4 d6 7. Nc3 Ne4 8. Qc2
Nxc3 9. bxc3 Bf6 10. e4 fxe4 11. Qxe4 Nc6 12. h4 e5 13. Ng5 Bxg5 14. Bxg5 Qe8
15. c5 Bf5 16. Qe2 exd4 17. Qb5 Qd7 18. cxd6 cxd6 19. cxd4 Nxd4 20. Qd5+ Ne6
21. Bf4 Qf7 22. Bxd6 Rfd8 23. Qxb7 Bh3 24. Qxf7+ Kxf7 25. Bxh3 Rxd6 26. Rab1
Nd4 27. Rb7+ Kf6 28. Bg2 Rc8 29. Rxa7 Rc2 30. Rb1 Rc1+ 31. Rxc1 Ne2+ 32. Kh2
Nxc1 33. Ra4 Rd2 34. Rf4+ Ke5 35. a4 Ra2 36. Bf1 Ra3 37. Bb5 h6 38. h5 Na2 39.
Rf7 Nc3 40. Rxg7 1-0

[Event "Championnat de France des Jeunes - Junio"]
[Site "AIX LES BAINS"]
[Date "2009.04.19"]
[Round "1.3"]
[White "Esposito, Julie"]
[Black "Houriez, Clement"]
[Result "0-1"]
[WhiteElo "1840"]
[BlackElo "2284"]
[PlyCount "96"]

1. d4 Nf6 2. Nf3 e6 3. Bf4 c5 4. e3 cxd4 5. exd4 b6 6. Nbd2 Bb7 7. Bd3 Be7 8.
h3 d6 9. O-O O-O 10. c3 Nbd7 11. Qb1 h6 12. a3 Qc7 13. Bh2 Rfe8 14. c4 Bf8 15.
b4 e5 16. d5 b5 17. c5 Bxd5 18. cxd6 Qb7 19. Bf5 Rad8 20. Re1 Bxd6 21. Re3 Bc7
22. Ne4 Nxe4 23. Bxe4 Nf6 24. Bxd5 Rxd5 25. Qe1 e4 26. Rc1 Bb6 27. Re2 Qd7 28.
Nd2 e3 29. fxe3 Rd3 30. Nf1 Rxa3 31. Kh1 Ne4 32. Bf4 Rd3 33. Kh2 g5 34. Bg3 Qe7
35. Bf2 Nxf2 36. Qxf2 Qxb4 37. Rc6 Qf8 38. Rf6 Re6 39. Rf5 b4 40. Qf3 b3 41.
Rb5 Qe8 42. Qf5 Qd7 43. h4 Bc7+ 44. g3 Rb6 45. Qxd7 Rxd7 46. Rxb6 Bxb6 47. Rb2
Rd3 48. Kg2 a5 0-1

[Event "Championnat de France des Jeunes - Junio"]
[Site "AIX LES BAINS"]
[Date "2009.04.19"]
[Round "1.4"]
[White "Brethes, Francois"]
[Black "Le Berre, Tennessee"]
[Result "1-0"]
[WhiteElo "2272"]
[BlackElo "1834"]
[PlyCount "74"]

1. d4 Nf6 2. Nf3 d5 3. c4 e6 4. e3 c5 5. Nc3 Nc6 6. a3 cxd4 7. exd4 Be7 8. Bd3
O-O 9. O-O b6 10. cxd5 Nxd5 11. Nxd5 Qxd5 12. Qc2 Nxd4 13. Nxd4 Qxd4 14. Be4
Rb8 15. Bf4 e5 16. Be3 Qd6 17. Rfd1 Qf6 18. Qc7 Be6 19. Qxa7 Bc5 20. Bxc5 bxc5
21. Qxc5 Rxb2 22. a4 Rc8 23. Qe3 Bb3 24. Qh3 Qxf2+ 25. Kh1 Qc5 26. Qxh7+ Kf8
27. Re1 Bd5 28. Bxd5 Qxd5 29. Qh8+ Ke7 30. Qxg7 Rc5 31. a5 Ra2 32. Qg5+ Ke6 33.
Rad1 Qc6 34. Qh6+ f6 35. Qh3+ Ke7 36. Qh7+ Ke6 37. Qg8+ Ke7 1-0

[Event "Championnat de France des Jeunes - Juniors"]
[Site "AIX LES BAINS"]
[Date "2009.04.20"]
[Round "1.5"]
[White "Scalia, Jerome"]
[Black "Congiu, Mathilde"]
[Result "0-1"]
[WhiteElo "1833"]
[BlackElo "2212"]
[Annotator ""]

1. d4 d5 2. Nf3 Nf6 3. g3 Bf5 4. Bg2 h6 5. c4 c6 6. O-O e6 7. Nc3 Nbd7 8. Bf4
Be7 9. Ne5 O-O 10. Rc1 Bh7 11. Re1 g5 12. Nxd7 Nxd7 13. Be3 Nf6 14. f3 dxc4 15.
Bf2 Qa5 16. Qa4 Bb4 17. Qxa5 Bxa5 18. e4 Rfd8 19. Re2 b5 20. b3 cxb3 21. axb3
Bb6 22. Rd1 Rac8 23. Rc2 Nd5 24. Nxb5 cxb5 25. Rxc8 Rxc8 26. exd5 exd5 27. f4
Be4 28. fxg5 Bxg2 29. Kxg2 hxg5 30. Rd3 Rc2 0-1

[Event "Championnat de France des Jeunes - Junio"]
[Site "AIX LES BAINS"]
[Date "2009.04.19"]
[Round "1.6"]
[White "Frederic, Clement"]
[Black "Perrusset, Barbara"]
[Result "1-0"]
[WhiteElo "2208"]
[BlackElo "1817"]
[PlyCount "71"]

1. e4 c5 2. Nf3 e6 3. d4 cxd4 4. Nxd4 Nc6 5. Nc3 Nf6 6. Nxc6 bxc6 7. e5 Nd5 8.
Ne4 f5 9. exf6 Nxf6 10. Nd6+ Bxd6 11. Qxd6 Ba6 12. c4 Qb6 13. Qa3 c5 14. Be3
Rc8 15. O-O-O O-O 16. g4 Bb7 17. Rg1 Bf3 18. g5 Bxd1 19. gxf6 Rxf6 20. Kxd1 d5
21. f4 d4 22. Bc1 Re8 23. Qf3 Qd6 24. Bd3 e5 25. Bxh7+ Kf8 26. Qg2 Qd7 27. Bg6
Ree6 28. f5 Rc6 29. Bg5 Rfd6 30. Qh3 Rxg6 31. Qh8+ Kf7 32. fxg6+ Rxg6 33. Rf1+
Ke6 34. Qg8+ Kd6 35. Qd5+ Kc7 36. Rf7 1-0

[Event "Championnat de France des Jeunes - Junio"]
[Site "AIX LES BAINS"]
[Date "2009.04.19"]
[Round "1.7"]
[White "Flores, Francisco"]
[Black "Favarel, Antoine"]
[Result "0-1"]
[WhiteElo "1810"]
[BlackElo "2204"]
[PlyCount "90"]

1. e4 c5 2. Nf3 Nc6 3. d4 cxd4 4. Nxd4 Nf6 5. Nc3 e5 6. Nxc6 bxc6 7. Bg5 Rb8 8.
Bc4 h6 9. Bd2 d5 10. exd5 cxd5 11. Bb3 Be7 12. Qe2 Qd6 13. O-O-O O-O 14. Rhe1
e4 15. g3 Bg4 16. Bf4 Qc6 17. Nxd5 Nxd5 18. Qxg4 Nxf4 19. gxf4 Bf6 20. Qd7 Qb6
21. Qd2 a5 22. Rxe4 Rbd8 23. Qe3 Rxd1+ 24. Kxd1 Qb7 25. Kc1 a4 26. Bxa4 Qxb2+
27. Kd2 Qxa2 28. Qb3 Qa1 29. Ke2 Bc3 30. Re3 Ba5 31. Qc4 Rd8 32. Re8+ Rxe8+ 33.
Bxe8 Qe1+ 34. Kf3 Qxe8 35. Qe4 Qxe4+ 36. Kxe4 Kf8 37. f3 Ke7 38. c4 Kd6 39. Kd4
Bb6+ 40. Kd3 f5 41. h3 Kc5 42. Kc3 Bc7 43. Kd3 Bxf4 44. Kc3 g5 45. Kd3 Be5 0-1

[Event "Championnat de France des Jeunes - Junio"]
[Site "AIX LES BAINS"]
[Date "2009.04.19"]
[Round "1.8"]
[White "Poignot, Quentin"]
[Black "Assedo, Johaquim"]
[Result "1-0"]
[WhiteElo "2148"]
[BlackElo "1799"]
[PlyCount "43"]

1. e4 c5 2. Nf3 Nc6 3. Nc3 d6 4. d4 cxd4 5. Nxd4 g6 6. Be3 Bg7 7. Bc4 Nf6 8. f3
Nd7 9. Bb3 Nb6 10. h4 Bd7 11. h5 Na5 12. Qd3 Qc8 13. O-O-O Nbc4 14. hxg6 fxg6
15. Bh6 Ne5 16. Qe2 Nxb3+ 17. cxb3 Bf6 18. Kb1 Nf7 19. Be3 b6 20. Nd5 Bg7 21.
Rc1 Nd8 22. Nc7+ 1-0

[Event "Championnat de France des Jeunes - Junio"]
[Site "AIX LES BAINS"]
[Date "2009.04.19"]
[Round "1.9"]
[White "Duveau, Erwan"]
[Black "Bressac, Stephane"]
[Result "0-1"]
[WhiteElo "1784"]
[BlackElo "2142"]
[PlyCount "48"]

1. d4 d5 2. c4 e5 3. dxe5 d4 4. Nf3 Nc6 5. h3 Bf5 6. a3 Qd7 7. b4 Rd8 8. Bb2 f6
9. exf6 Nxf6 10. b5 Nb4 11. axb4 Bxb1 12. Qxb1 Bxb4+ 13. Nd2 Qe7 14. Qd3 Ne4
15. Bc1 O-O 16. Qb3 Nxf2 17. Ba3 Bxd2+ 18. Kxd2 Qg5+ 19. Ke1 Nxh1 20. Bxf8 Rxf8
21. g4 d3 22. Bg2 Qe5 23. Bd5+ Kh8 24. Ra2 Qe3 0-1

[Event "Championnat de France des Jeunes - Junio"]
[Site "AIX LES BAINS"]
[Date "2009.04.19"]
[Round "1.10"]
[White "Valles, Manuel"]
[Black "Scherrer, Gilles"]
[Result "1-0"]
[WhiteElo "2125"]
[BlackElo "1768"]
[PlyCount "29"]

1. e4 e6 2. d4 d5 3. Nc3 Nf6 4. Bg5 Be7 5. e5 Nfd7 6. h4 f6 7. exf6 Nxf6 8. Bd3
Nc6 9. Nf3 O-O 10. Bxf6 Bxf6 11. Bxh7+ Kxh7 12. Ng5+ Kg8 13. Qh5 Bxg5 14. hxg5
Nxd4 15. g6 1-0

[Event "Championnat de France des Jeunes - Junio"]
[Site "AIX LES BAINS"]
[Date "2009.04.19"]
[Round "1.11"]
[White "Dolz, Elisabeth"]
[Black "Le Bail, Clara"]
[Result "0-1"]
[WhiteElo "1718"]
[BlackElo "2048"]
[PlyCount "90"]

1. e4 e6 2. d4 d5 3. exd5 exd5 4. Nc3 c6 5. Bd3 Bd6 6. Bd2 Nf6 7. Qe2+ Qe7 8.
O-O-O Qxe2 9. Ngxe2 Bg4 10. Rde1 O-O 11. f3 Bh5 12. Nf4 Nbd7 13. g4 Bg6 14.
Nxg6 hxg6 15. Ne2 Rfe8 16. Nf4 Nf8 17. h4 Rxe1+ 18. Rxe1 Re8 19. Rxe8 Nxe8 20.
h5 gxh5 21. Nxh5 Ne6 22. g5 Nxd4 23. f4 Nf3 24. Be3 d4 25. Bf2 g6 26. Nf6+ Nxf6
27. gxf6 Bxf4+ 28. Kd1 Be5 29. Be2 Ng5 30. Bh4 Bxf6 31. Bg3 Kf8 32. Bb8 a6 33.
Bg4 Ne6 34. Kd2 Bg5+ 35. Kd3 f5 36. Bh3 Ke7 37. c3 dxc3 38. Kxc3 Bf6+ 39. Kc2
Nd4+ 40. Kd1 g5 41. b4 Ke6 42. a4 g4 43. Bf1 Be5 44. Ba7 f4 45. Kd2 Kd5 0-1

[Event "Championnat de France des Jeunes - Junio"]
[Site "AIX LES BAINS"]
[Date "2009.04.19"]
[Round "1.12"]
[White "Gras, Delphine"]
[Black "Flaquet, Sebastien"]
[Result "1-0"]
[WhiteElo "1982"]
[BlackElo "1707"]
[PlyCount "41"]

1. e4 c5 2. Nf3 Nc6 3. d4 cxd4 4. Nxd4 Nf6 5. Nc3 Qb6 6. Nb3 e6 7. Bg5 Bb4 8.
Bxf6 gxf6 9. Qf3 Be7 10. Qg3 Ne5 11. Be2 Ng6 12. Nb5 e5 13. Rd1 Nf4 14. Bc4 Qc6
15. Qg7 Rf8 16. Nd2 d6 17. Nc3 Bd7 18. g3 Nh3 19. Bb5 Qc5 20. Bxd7+ Kxd7 21.
Qg4+ 1-0

[Event "Championnat de France des Jeunes - Junio"]
[Site "AIX LES BAINS"]
[Date "2009.04.19"]
[Round "1.13"]
[White "Gillet, Noel"]
[Black "Lepigoche, Cyril"]
[Result "0-1"]
[WhiteElo "1690"]
[BlackElo "1973"]
[PlyCount "78"]

1. d4 Nf6 2. c4 g6 3. Nc3 Bg7 4. Nf3 O-O 5. e4 d6 6. Be2 e5 7. O-O Na6 8. Rb1
c6 9. b4 Nc7 10. d5 Nh5 11. Bd2 f5 12. b5 fxe4 13. Bg5 Bf6 14. Nxe4 Bxg5 15.
Nfxg5 cxd5 16. cxd5 Nf4 17. Nf3 Bg4 18. b6 Ne8 19. h3 Nxe2+ 20. Qxe2 Bxf3 21.
gxf3 axb6 22. Kh1 Ra3 23. Rb3 Rxb3 24. axb3 Qd7 25. Ng5 Qf5 26. f4 h6 27. Ne6
Qxh3+ 28. Kg1 Rf5 29. Qe3 Qxe3 30. fxe3 exf4 31. Rxf4 Nf6 32. Rxf5 gxf5 33. Nf4
Ng4 34. Ng2 Kf7 35. Kf1 Kf6 36. Ke2 Ke5 37. Kf3 Nf6 38. Nf4 Nxd5 39. Nxd5 Kxd5
0-1

[Event "Championnat de France des Jeunes - Junio"]
[Site "AIX LES BAINS"]
[Date "2009.04.19"]
[Round "1.14"]
[White "Brih, Touatia"]
[Black "Saint-Gilles, Damien"]
[Result "0-1"]
[WhiteElo "1960"]
[BlackElo "1669"]
[PlyCount "126"]

1. Nf3 Nf6 2. d4 e6 3. g3 b6 4. Bg2 Bb7 5. O-O d5 6. c3 Nbd7 7. Re1 Be7 8. Nbd2
c5 9. Ne5 O-O 10. Ndf3 cxd4 11. cxd4 Bb4 12. Bd2 Bxd2 13. Qxd2 Nxe5 14. Nxe5
Nd7 15. Nd3 Qe7 16. Rac1 Rac8 17. Qf4 Nf6 18. h3 Ne4 19. a3 a5 20. Ne5 f6 21.
Nf3 Nd6 22. Nd2 e5 23. Qf3 Rxc1 24. Rxc1 Rc8 25. Rxc8+ Nxc8 26. Qb3 Qd6 27.
dxe5 fxe5 28. e4 Kh8 29. exd5 Qd7 30. Qf3 Kg8 31. Nc4 Qe7 32. Qe3 b5 33. Nxa5
Nd6 34. Qb6 Qd7 35. Nxb7 Nxb7 36. Qe6+ Qxe6 37. dxe6 Nd6 38. b3 Kf8 39. Kf1 Ke7
40. Bd5 h6 41. Ke2 Nf5 42. Kd3 Kd6 43. Bb7 Nd4 44. a4 Nxb3 45. Bc8 bxa4 46. Kc3
Nc5 47. Kb4 Nxe6 48. Kxa4 Ng5 49. Bf5 Kd5 50. Kb3 Ne4 51. Kc2 Nxf2 52. Bc8 Kd4
53. h4 Ke3 54. Bb7 e4 55. Bc6 Kf3 56. Kd2 Kxg3 57. Ke2 g5 58. hxg5 hxg5 59. Bb7
g4 60. Bc6 Kg2 61. Ke3 g3 62. Bb5 Kg1 63. Be2 g2 0-1

[Event "Championnat de France des Jeunes - Junio"]
[Site "AIX LES BAINS"]
[Date "2009.04.19"]
[Round "1.15"]
[White "Figier, Anthony"]
[Black "Wojtkowski, Frederic"]
[Result "0-1"]
[WhiteElo "1630"]
[BlackElo "1923"]
[PlyCount "78"]

1. e4 c5 2. Nf3 Nc6 3. d4 cxd4 4. Nxd4 Nf6 5. Nc3 d6 6. Be2 a6 7. O-O e6 8. Re1
Be7 9. f4 Qb6 10. Be3 Qxb2 11. Qd2 Qa3 12. Reb1 Nxd4 13. Bxd4 b5 14. Bb6 b4 15.
Nb5 axb5 16. Bxb5+ Bd7 17. Rb3 Bxb5 18. Rxa3 bxa3 19. Qb4 Bd7 20. Qe1 O-O 21.
Rd1 Rfc8 22. e5 Nd5 23. Bd4 dxe5 24. Bxe5 Bf6 25. Bxf6 Nxf6 26. Rc1 Rc4 27. g3
Nd5 28. Qd2 Rac8 29. Qa5 Ba4 30. f5 Nc3 31. Re1 R4c5 32. Qa6 Bb5 33. Qb7 Ne2+
34. Rxe2 Bxe2 35. fxe6 fxe6 36. Qb3 Bg4 37. Qxa3 Rxc2 38. Qa4 Bh3 39. Qf4 Rf8
0-1

[Event "Championnat de France des Jeunes - Junio"]
[Site "AIX LES BAINS"]
[Date "2009.04.19"]
[Round "1.16"]
[White "Roubert, Emile"]
[Black "Kopp, Tristan"]
[Result "1-0"]
[WhiteElo "1918"]
[BlackElo "1410"]
[PlyCount "97"]

1. e4 e5 2. Nf3 Nc6 3. d4 d6 4. Bb5 Bd7 5. Nc3 Nf6 6. O-O Be7 7. Re1 O-O 8. b3
exd4 9. Nxd4 Nxd4 10. Qxd4 a6 11. Bxd7 Nxd7 12. Nd5 Bf6 13. Nxf6+ Qxf6 14. c3
Qxd4 15. cxd4 f6 16. d5 Rae8 17. Ba3 Rf7 18. Rac1 Rc8 19. Bxd6 c6 20. Rc2 h6
21. Rec1 Ne5 22. Bxe5 fxe5 23. dxc6 bxc6 24. Rxc6 Rd8 25. Rc8 Rfd7 26. Kf1 Kh7
27. Rxd8 Rxd8 28. Ke2 Rf8 29. Rc6 Rf4 30. f3 h5 31. Rxa6 g6 32. b4 Kh6 33. b5
h4 34. b6 Rf6 35. b7 Rxa6 36. b8=Q Rxa2+ 37. Kd3 Rxg2 38. Qh8+ Kg5 39. Qxe5+
Kh6 40. Qf4+ Kh5 41. e5 g5 42. Qf7+ Kh6 43. e6 g4 44. fxg4 Rxg4 45. e7 Rg2 46.
e8=Q h3 47. Qh8+ Kg5 48. Qhg8+ Kh4 49. Qfh7# 1-0

[Event "Championnat de France des Jeunes - Junio"]
[Site "AIX LES BAINS"]
[Date "2009.04.19"]
[Round "1.17"]
[White "Dupont, Ludovic"]
[Black "Pouchon, Mickael"]
[Result "0-1"]
[WhiteElo "1350"]
[BlackElo "1902"]
[PlyCount "64"]

1. e4 e5 2. f4 exf4 3. Nf3 g5 4. Bc4 Bg7 5. d3 d6 6. Nc3 Nc6 7. g3 Bg4 8. h3
Bxf3 9. Qxf3 Ne5 10. Qf2 Nxc4 11. dxc4 fxg3 12. Qxg3 h6 13. h4 Be5 14. Qf3 gxh4
15. Bf4 Bxf4 16. Qxf4 Qg5 17. Qxh4 Qxh4+ 18. Rxh4 O-O-O 19. O-O-O Re8 20. Rf1
Rh7 21. Kd2 c6 22. b4 Rf8 23. b5 Ne7 24. Rf6 Ng6 25. Rh5 Kc7 26. Ne2 Re8 27.
Kd3 Re6 28. Rhf5 Ne5+ 29. Kd4 c5+ 30. Kd5 Ng4 31. Rxf7+ Re7 32. Rxh7 Ne3# 0-1

[Event "Championnat de France des Jeunes - Cadettes"]
[Site "AIX LES BAINS"]
[Date "2009.04.20"]
[Round "1.1"]
[White "Durot, Edwige"]
[Black "Richard, Emma"]
[Result "0-1"]
[WhiteElo "1764"]
[BlackElo "2070"]
[Annotator ""]

1. e4 c5 2. Nf3 Nc6 3. Bb5 d6 4. O-O Bd7 5. Re1 a6 6. Bxc6 Bxc6 7. a4 e6 8. d4
cxd4 9. Nxd4 Nf6 10. Nc3 Be7 11. Kh1 e5 12. Nf5 g6 13. Nxe7 Qxe7 14. f3 Nh5 15.
Nd5 Bxd5 16. Qxd5 O-O 17. b3 Rfd8 18. Ba3 Qc7 19. c4 Qb6 20. c5 dxc5 21. Bxc5
Qc7 22. Qc4 Rac8 23. Rac1 Qa5 24. Qb4 Qxb4 25. Bxb4 Rxc1 26. Rxc1 Nf4 27. h3
Nd3 28. Rc4 b5 29. axb5 axb5 30. Ba5 bxc4 31. Bxd8 cxb3 0-1

[Event "Championnat de France des Jeunes - Cadet"]
[Site "AIX LES BAINS"]
[Date "2009.04.19"]
[Round "1.2"]
[White "Forgues, Valerie"]
[Black "Dubois, Emmanuelle"]
[Result "1-0"]
[WhiteElo "2037"]
[BlackElo "1757"]
[PlyCount "65"]

1. e4 c5 2. Nf3 Nc6 3. d4 cxd4 4. Nxd4 Nf6 5. Nc3 e5 6. Ndb5 d6 7. Bg5 a6 8.
Na3 b5 9. Nd5 Be7 10. Bxf6 Bxf6 11. c4 bxc4 12. Bxc4 O-O 13. O-O Nd4 14. Nc2
Nxc2 15. Qxc2 Bb7 16. Qd3 Bxd5 17. Bxd5 Rb8 18. Qxa6 Rxb2 19. Rab1 Rxb1 20.
Rxb1 Qc7 21. Qb7 Qa5 22. g3 Bg5 23. Qb4 Qc7 24. Qb7 Bd8 25. a4 Qa5 26. Qc6 Qc7
27. Rb7 Qxc6 28. Bxc6 f5 29. Bd5+ Kh8 30. exf5 Rxf5 31. Rb8 Rf8 32. a5 g6 33.
a6 1-0

[Event "Championnat de France des Jeunes - Cadet"]
[Site "AIX LES BAINS"]
[Date "2009.04.19"]
[Round "1.3"]
[White "Garma, Jovanka"]
[Black "Jeannerot, Lea"]
[Result "1/2-1/2"]
[WhiteElo "1747"]
[BlackElo "1980"]
[PlyCount "98"]

1. e4 c6 2. d4 d5 3. Nc3 dxe4 4. Nxe4 Nd7 5. Qe2 e6 6. c3 Ngf6 7. Nf3 Nxe4 8.
Qxe4 Nf6 9. Qc2 Qc7 10. Bg5 Be7 11. Bd3 h6 12. Bh4 Bd7 13. Bg3 Qb6 14. Ne5 c5
15. dxc5 Qxc5 16. Rd1 Bb5 17. O-O O-O 18. Qe2 Bxd3 19. Rxd3 Rfd8 20. Rfd1 Rxd3
21. Rxd3 Rd8 22. Rxd8+ Bxd8 23. Qd3 Bc7 24. Nd7 Nxd7 25. Qxd7 Bxg3 26. hxg3 Qf5
27. Qc8+ Kh7 28. Qxb7 Qb1+ 29. Kh2 Qxa2 30. f3 f5 31. b3 e5 32. c4 Qc2 33. Qc8
f4 34. gxf4 exf4 35. b4 Qg6 36. Qg4 Qxg4 37. fxg4 Kg6 38. b5 Kf6 39. c5 Ke6 40.
c6 Kd6 41. Kg1 a6 42. bxa6 Kxc6 43. Kf2 Kb6 44. g3 fxg3+ 45. Kxg3 Kxa6 46. Kf4
g6 47. Ke5 h5 48. gxh5 gxh5 49. Kf4 h4 1/2-1/2

[Event "Championnat de France des Jeunes - Cadet"]
[Site "AIX LES BAINS"]
[Date "2009.04.19"]
[Round "1.4"]
[White "Genzling, Sylvie"]
[Black "Jolly, Marie"]
[Result "1-0"]
[WhiteElo "1967"]
[BlackElo "1738"]
[PlyCount "51"]

1. e4 e6 2. d4 d5 3. Nc3 Bb4 4. Nge2 dxe4 5. a3 Bxc3+ 6. Nxc3 Nc6 7. Bb5 Nge7
8. Be3 O-O 9. Qd2 b6 10. Nxe4 Bb7 11. Nc3 Nd5 12. O-O-O Re8 13. Rhe1 e5 14.
dxe5 Nxe3 15. Qxe3 Qe7 16. Qg3 Qe6 17. f4 Rad8 18. Bd3 Nd4 19. Kb1 c5 20. Qf2
Kh8 21. h3 a6 22. Be4 Bxe4 23. Nxe4 Qc6 24. Nd6 Rf8 25. g4 Nb5 26. Nxf7+ 1-0

[Event "Championnat de France des Jeunes - Cadet"]
[Site "AIX LES BAINS"]
[Date "2009.04.19"]
[Round "1.5"]
[White "Dauchart, Elaine"]
[Black "Armas, Lara-Maria"]
[Result "0-1"]
[WhiteElo "1650"]
[BlackElo "1966"]
[PlyCount "86"]

1. e4 c5 2. Nf3 d6 3. d4 cxd4 4. Nxd4 Nf6 5. Nc3 a6 6. a4 e5 7. Nf3 Qc7 8. Bg5
Nbd7 9. Qd2 h6 10. Be3 b6 11. Bd3 Bb7 12. O-O Be7 13. Nh4 Ng4 14. Nf5 Nxe3 15.
Qxe3 Bf8 16. Nd5 Bxd5 17. exd5 g6 18. Ng3 Bg7 19. f4 f5 20. c3 Qc5 21. Qxc5
Nxc5 22. Bc2 O-O-O 23. Ne2 Rhe8 24. g4 e4 25. gxf5 gxf5 26. Nd4 Bxd4+ 27. cxd4
Nd7 28. b4 Kb7 29. Rac1 Rc8 30. Bb3 Nf6 31. h3 Nh5 32. Kg2 Nxf4+ 33. Kh2 Rxc1
34. Rxc1 Nd3 35. Rc6 e3 36. Bd1 e2 37. Bxe2 Rxe2+ 38. Kg1 f4 39. Rxd6 f3 40.
Rd7+ Kc8 41. Rf7 Re1+ 42. Kh2 f2 43. Kg2 Rg1+ 0-1

[Event "Championnat de France des Jeunes - Cadet"]
[Site "AIX LES BAINS"]
[Date "2009.04.19"]
[Round "1.6"]
[White "Muller, Marion"]
[Black "Hedouin, Priscillia"]
[Result "1-0"]
[WhiteElo "1896"]
[BlackElo "1640"]
[PlyCount "132"]

1. e4 e6 2. d4 d5 3. Nc3 Bb4 4. Nge2 dxe4 5. a3 Bxc3+ 6. Nxc3 Nf6 7. Bg5 h6 8.
Bxf6 Qxf6 9. Nxe4 Qd8 10. Bd3 Nc6 11. c3 e5 12. dxe5 Nxe5 13. Bb5+ Nd7 14. Qc2
c6 15. Be2 Nf6 16. Rd1 Qe7 17. Nd6+ Kf8 18. O-O Bg4 19. Rfe1 Qc7 20. Bxg4 Nxg4
21. h3 Nf6 22. Nf5 g6 23. Nd4 Kg7 24. Re2 Rhe8 25. Rde1 Rxe2 26. Rxe2 Rd8 27.
b4 c5 28. Nf3 cxb4 29. cxb4 Qd6 30. Rd2 Qe7 31. Re2 Qd6 32. Rd2 Qb6 33. Re2 Qa6
34. Re7 Rd7 35. Rxd7 Nxd7 36. Qc7 Nf6 37. Qc3 Qb6 38. Nd2 Kg8 39. Qc8+ Kh7 40.
Qf8 Qe6 41. Nf3 Nd7 42. Qd8 Nf6 43. Qd4 a6 44. Ne5 Nd5 45. Nd3 Qf5 46. Nc5 Nf4
47. Qe3 Qg5 48. Qf3 Qe5 49. g3 Ne2+ 50. Kh2 Nd4 51. Qxf7+ Kh8 52. Qf8+ Kh7 53.
Nd7 Nf3+ 54. Qxf3 Qe7 55. Qxb7 Kh8 56. Nc5 Qf6 57. Qc8+ Kh7 58. Qd7+ Kh8 59.
Qe8+ Kh7 60. Qe3 h5 61. Ne4 Qf5 62. Ng5+ Kh6 63. h4 Qf6 64. Kg1 Qa1+ 65. Kg2
Qf6 66. Qa7 Qc6+ 1-0

[Event "Championnat de France des Jeunes - Cadet"]
[Site "AIX LES BAINS"]
[Date "2009.04.19"]
[Round "1.7"]
[White "Rascle, Adeline"]
[Black "Hourlier, Claire"]
[Result "0-1"]
[WhiteElo "1620"]
[BlackElo "1883"]
[PlyCount "49"]

1. e4 c5 2. Nf3 Nc6 3. d4 cxd4 4. Nxd4 g6 5. Be3 Bg7 6. Nc3 Nf6 7. Be2 O-O 8.
O-O d6 9. Re1 Bd7 10. Nb3 Rb8 11. Rb1 a6 12. Bf3 Ne5 13. Nd4 Nxf3+ 14. Nxf3 Bc6
15. Bc1 b5 16. a3 b4 17. axb4 Rxb4 18. Qd3 Qa8 19. Nd2 Qa7 20. Ra1 Ra8 21. Nb3
Ng4 22. Qe2 Bxc3 23. bxc3 Rxe4 24. Qd1 Qxf2+ 25. Kh1 0-1

[Event "Championnat de France des Jeunes - Cadet"]
[Site "AIX LES BAINS"]
[Date "2009.04.19"]
[Round "1.8"]
[White "Rambourg, Juliette"]
[Black "Richard, Celine"]
[Result "1-0"]
[WhiteElo "1866"]
[BlackElo "1588"]
[PlyCount "59"]

1. c4 e5 2. g3 d5 3. cxd5 Qxd5 4. Nf3 Nc6 5. Nc3 Qd8 6. Bg2 Bd6 7. O-O Bg4 8.
Qa4 Bxf3 9. Bxf3 Nge7 10. d3 Bb4 11. Bg5 f6 12. Be3 O-O 13. Rad1 a6 14. Qb3+
Kh8 15. a3 Bxc3 16. bxc3 Rb8 17. d4 Qc8 18. d5 Na5 19. Qb4 b6 20. Qxe7 Nc4 21.
Qe6 f5 22. Qxc8 Rbxc8 23. Rfe1 e4 24. Bg2 h6 25. Rd4 b5 26. Red1 g5 27. g4 fxg4
28. Rxe4 h5 29. Bxg5 Nxa3 30. Be7 1-0

[Event "Championnat de France des Jeunes - Cadet"]
[Site "AIX LES BAINS"]
[Date "2009.04.19"]
[Round "1.9"]
[White "Anamba-Onana, Marie-Therese"]
[Black "Macarry, Elodie"]
[Result "0-1"]
[WhiteElo "1540"]
[BlackElo "1863"]
[PlyCount "98"]

1. e4 c6 2. d4 d5 3. e5 Bf5 4. Nf3 e6 5. c3 Nd7 6. Bf4 Ne7 7. Nbd2 c5 8. Bb5
Nc6 9. Bg3 Qb6 10. Bxc6 bxc6 11. Qc1 Rb8 12. b3 cxd4 13. cxd4 c5 14. Qb2 Bd3
15. Qc3 Ba6 16. Qe3 cxd4 17. Nxd4 Nc5 18. h3 Nd3+ 19. Kf1 Bc5 20. N2f3 Nf4+ 21.
Kg1 Ne2+ 22. Kh2 Nxd4 23. Rac1 Nxf3+ 24. Qxf3 O-O 25. Rhd1 Rbc8 26. Rd2 Bb4 27.
Rdc2 Rxc2 28. Rxc2 Rc8 29. Rb2 d4 30. Bf4 d3 31. Bg5 Qd4 32. Rb1 Qxe5+ 33. Bf4
Qe2 34. Qe3 Qxe3 35. Bxe3 d2 36. Rd1 Be2 37. Rxd2 Bxd2 38. Bxd2 Rc2 39. Be3
Rxa2 40. b4 a6 41. h4 Kf8 42. Kh3 Ke7 43. Bc5+ Kd7 44. Bf8 g6 45. Bc5 Rc2 46.
Bf8 Rc3+ 47. g3 Kc6 48. Be7 Kb5 49. Kg2 Rc4 0-1

[Event "Championnat de France des Jeunes - Cadet"]
[Site "AIX LES BAINS"]
[Date "2009.04.19"]
[Round "1.10"]
[White "Vinckier, Delphine"]
[Black "Argente, Lucie"]
[Result "1-0"]
[WhiteElo "1817"]
[BlackElo "1400"]
[PlyCount "49"]

1. e4 Nf6 2. Nc3 d5 3. exd5 Nxd5 4. Bc4 e6 5. Qf3 Nb6 6. Bb3 Bd6 7. d3 O-O 8.
Ne4 Be7 9. h4 f5 10. Ng5 h6 11. Nxe6 Bxe6 12. Bxe6+ Kh8 13. Bd2 Bxh4 14. O-O-O
Bg5 15. Nh3 Bxd2+ 16. Rxd2 Qf6 17. Bb3 c6 18. Re2 a5 19. Re6 Qd8 20. Nf4 Rf6
21. Qe3 N8d7 22. a4 Rxe6 23. Qxe6 Qf6 24. Qe3 Qe5 25. Ng6+ 1-0

[Event "Championnat de France des Jeunes - Cadet"]
[Site "AIX LES BAINS"]
[Date "2009.04.19"]
[Round "1.11"]
[White "Gudefin, Marine"]
[Black "Christophe, Lucie"]
[Result "0-1"]
[WhiteElo "1399"]
[BlackElo "1779"]
[PlyCount "68"]

1. e4 d5 2. d4 dxe4 3. Nc3 Nf6 4. Bg5 Bg4 5. Be2 Bxe2 6. Ngxe2 Nbd7 7. O-O c6
8. d5 Qb6 9. Rb1 h6 10. Bf4 Rd8 11. d6 exd6 12. Bxd6 Nb8 13. Na4 Qa5 14. Nec3
Bxd6 15. Re1 Bxh2+ 16. Kxh2 Rxd1 17. Rbxd1 O-O 18. b3 b5 19. Nxe4 Nxe4 20. Rxe4
bxa4 21. Rd3 axb3 22. axb3 Rd8 23. Rg3 Nd7 24. Reg4 g6 25. Rf4 Nf6 26. Rgf3 Qe5
27. g3 Kg7 28. Re3 Qh5+ 29. Rh4 Ng4+ 30. Kg1 Rd1+ 31. Re1 Rxe1+ 32. Kg2 Qd5+
33. Kh3 Nxf2+ 34. Kh2 Rh1# 0-1

[Event "Championnat de France des Jeunes - Minimes"]
[Site "Aix les Bains"]
[Date "2009.04.20"]
[Round "1.1"]
[White "Touzeau, Maxime"]
[Black "Song, Julien"]
[Result "0-1"]
[WhiteElo "1876"]
[BlackElo "2318"]
[PlyCount "120"]
[EventDate "2009.??.??"]

1. e4 e6 2. d4 d5 3. exd5 exd5 4. Bd3 Nc6 5. c3 Bd6 6. Ne2 Qf6 7. a4 Nge7 8.
O-O h5 9. f4 Bf5 10. b4 h4 11. Na3 Bxd3 12. Qxd3 Qf5 13. Qf3 a6 14. Ra2 Qh5 15.
Nc2 Qxf3 16. Rxf3 Nf5 17. Ne3 Nce7 18. Kf2 Kd7 19. Nxf5 Nxf5 20. Ng1 c6 21. a5
g6 22. Be3 Be7 23. Ne2 Nd6 24. Rc2 Ne4+ 25. Kf1 Rhb8 26. Nc1 b6 27. axb6 Rxb6
28. Nd3 f6 29. Bf2 a5 30. bxa5 Rxa5 31. Bxh4 Rb1+ 32. Be1 Ra3 33. Nf2 Nd6 34.
Ke2 Nc4 35. f5 g5 36. g3 Raa1 37. Nd3 Na3 38. Rd2 Rb3 39. Rd1 Nb1 40. Nc1 Rb2+
41. Kd3 Na3 42. h4 gxh4 43. gxh4 Nc4 44. Rf2 Rxf2 45. Bxf2 Nb2+ 46. Kc2 Nxd1
47. Kxd1 Ba3 48. Be3 Bxc1 49. Bxc1 Ra2 50. Bd2 Ra1+ 51. Bc1 Ke7 52. h5 Kf7 53.
h6 Kg8 54. Kc2 Kh7 55. Be3 Re1 56. Kd3 Rf1 57. c4 Rxf5 58. cxd5 cxd5 59. Ke2
Kg6 60. Kd3 Rh5 0-1